Plus gros achats du FC Metz - Statistiques

Statistiques générales
  • Ce quiz a été pris 67 fois
  • Le résultat moyen est 9 sur 20
Statistiques - réponses
Classement Nationalité Club de départ Montant Saison Joueur % Correct
4 Tunisie Genk 4M 19/20 Dylan Bronn
76%
3 France Monaco 4,5M 20/21 Kevin N'doram
71%
2 Côte d'ivoire Chelsea 6M 19/20 Victorien Angban
65%
13 France Manchester City 2M 20/21 Thierry Ambrose
63%
18 Côte d'ivoire Saint-Etienne 1M 19/20 Habib Maïga
61%
9 Cap-vert Saint-Etienne 3M 20/21 Vagner
61%
6 Mali Troyes 3,5M 20/21 Kiki Kouyaté
59%
10 France RC Lens 3M 19/20 Fabien Centonze
57%
12 Guinée-Bissau Portimonense 2,5M 21/22 Fali Candé
57%
14 Albanie Partizani Tirana 1,4M 22/23 Xhuliano Skuka
51%
19 Congo Troyes 1M 20/21 Warren Tchimbembé
41%
17 Biélorusse BATE Borisov 1M 14/15 Sergey Krivets
39%
20 Venezuela Zamora 900K 14/15 Juan Falcon
35%
7 Togo Standard de Liège 3M 18/19 Mathieu Dossevi
31%
11 Allemagne Stoke City 2,5M 17/18 Philipp Wollscheid
31%
8 Cap-vert Heracles Almelo 3M 18/19 Jamiro Monteiro
29%
15 Tunisie Sfaxien 1,2M 14/15 Fakhreddine Ben Youssef
20%
1 Cameroun La Corogne 6,5M 01/02 Jacques Songo'o
18%
16 France Newcastle 1,1M 17/18 Emmanuel Rivière
16%
5 France Nancy 3,8M 99/00 Christophe Bastien
2%
Aucun quiz correspondant
Distribution des résultats
% des personnes avec chaque résultat
Percentile par nombre de réponses
Votre historique - résultats
Vous n’avez pas pris ce quiz